| 000 | 00363nam a2200133Ia 4500 | ||
|---|---|---|---|
| 008 | 240624s9999 xx 000 0 und d | ||
| 041 | _aeng | ||
| 082 | _a200 VER | ||
| 100 | _aVERMA RENU KAUL | ||
| 245 | _aMUSLIM MODERNITIES TABISH KHAIR S ESSAYS | ||
| 260 |
_c2008 _aNew Delhi _bCentral News Agency Pvt. Ltd. |
||
| 300 | _a302 : p. : cm. ; 24 | ||
| 365 |
_cRS _b20 |
||
| 999 |
_c12235 _d12235 |
||